African Countries Top Export - Statistics

General Stats
  • This quiz has been taken 28 times
  • The average score is 24 of 53
Answer Stats
Country Export % Correct
Burkina Faso Gold
92%
Central African Republic Gold
92%
Côte d’Ivoire (Ivory Coast) Gold
92%
Ghana Gold
92%
Guinea Gold
92%
Liberia Gold
92%
Mali Gold
92%
Mauritania Gold
92%
Namibia Gold
92%
Niger Gold
92%
Rwanda Gold
92%
Senegal Gold
92%
Tanzania Gold
92%
Togo Gold
92%
Uganda Gold
92%
Zimbabwe Gold
92%
Burundi Coffee
63%
Ethiopia Coffee
63%
Botswana Diamonds
58%
Lesotho Diamonds
58%
Sierra Leone Iron
54%
Democratic Republic of the Congo Copper
50%
Eritrea Copper
50%
Zambia Copper
50%
Benin Cotton
46%
Mozambique Coal
38%
South Africa Platinum
38%
Cabo Verde Fish
33%
Mauritius Fish
33%
Morocco Cars
29%
Djibouti Sugar
29%
Madagascar Nickel
25%
Kenya Tea
25%
São Tomé and Príncipe Cocoa Beans
17%
Guinea Bissau Coconuts
17%
Algeria Petroleum Gas
17%
Angola Crude Petroleum
13%
Cameroon Crude Petroleum
13%
Chad Crude Petroleum
13%
Congo Crude Petroleum
13%
Equatorial Guinea Crude Petroleum
13%
Gabon Crude Petroleum
13%
Libya Crude Petroleum
13%
Nigeria Crude Petroleum
13%
South Sudan Crude Petroleum
13%
Sudan Crude Petroleum
13%
Somalia Sheep
13%
Egypt Refined Petroleum
8%
Tunisia Wire
8%
Comoros Cloves
4%
The Gambia Packaged Medicaments
4%
Eswatini (Swaziland) Scented Mixtures
4%
Malawi Tabacco
4%
No matching quizzes found
Score Distribution
Percent of People with Each Score
Percentile by Number Answered
Your Score History
You have not taken this quiz